Statistics for Chancellors Of Germany

Click here to take the quiz!

General Stats

  • This quiz has been taken 32 times
  • The average score is 12 of 33

Answer Stats

YearsChancellorPartyPeriod% Correct
1933-1945Adolf HitlerNational Socialist German Worker's PartyNazi Germany
93%
2005-Angela MerkelChristian Democratic UnionFederal Republic Of Germany
93%
1998-2005Gerhard SchröderSocial Democratic Party Of GermanyFederal Republic Of Germany
83%
1982-1998Helmut KohlChristian Democratic UnionFederal Republic Of Germany
79%
1949-1963Konrad AdenauerChristian Democratic UnionFederal Republic Of Germany
79%
1867-1871Otto von BismarckNon-PartisanNorth German Confederation
76%
1974-1982Helmut SchmidtSocial Democratic Party Of GermanyFederal Republic Of Germany
72%
1969-1974Willy BrandtSocial Democratic Party Of GermanyFederal Republic Of Germany
69%
1945Joseph GoebbelsNational Socialist German Worker's PartyNazi Germany
52%
1963-1966Ludwig ErhardChristian Democratic UnionFederal Republic Of Germany
52%
1966-1969Kurt Georg KiesingerChristian Democratic UnionFederal Republic Of Germany
41%
1932Franz von PapenNon-PartisanWeimar Republic
34%
1920Hermann MüllerSocial Democratic Party Of GermanyWeimar Republic
28%
1932-1933Kurt von SchleicherNon-PartisanWeimar Republic
28%
1919Philipp ScheidemannSocial Democratic Party Of GermanyWeimar Republic
28%
1918-1919Friedrich EbertSocial Democratic Party Of GermanyRevolutionary Period
24%
1923Gustav StresemannGerman People's PartyWeimar Republic
24%
1925-1926Hans LutherNon-PartisanWeimar Republic
21%
1890-1894Leo von CapriviNon-PartisanGerman Empire
21%
1918Max von BadenNon-PartisanGerman Empire
21%
1922-1923Wilhelm CunoNon-PartisanWeimar Republic
21%
1900-1909Bernhard von BülowNon-PartisanGerman Empire
17%
1917Georg MichaelisNon-PartisanGerman Empire
17%
1930-1932Heinrich BrüningCentre PartyWeimar Republic
17%
1909-1917Theobald von Bethmann-HollwegNon-PartisanGerman Empire
17%
1923-1925Wilhelm MarxCentre PartyWeimar Republic
17%
1894-1900Chlodwig zu Hohenlohe-SchillingsfürstNon-PartisanGerman Empire
14%
1919-1920Gustav BauerSocial Democratic Party Of GermanyWeimar Republic
14%
1921-1922Joseph WirthCentre PartyWeimar Republic
14%
1974Walter ScheelFree Democratic PartyFederal Republic Of Germany
14%
1920-1921Constantin FehrenbachCentre PartyWeimar Republic
10%
1917-1918Georg von HertlingCentre PartyGerman Empire
10%
1945Lutz Graf Schwerin von KrosigkNational Socialist German Worker's PartyNazi Germany
7%

Score Distribution

Percentile by Number Answered

Percent of People with Each Score

Your Score History

You have not taken this quiz